000 01025nam a2200289 i 4500
001 57654
003 ES-MaACL
005 20250806083209.0
007 t|
008 031017s1985 sp a 00110 spa d
020 _a84-7615-055-5
100 1 _aDornbusch, Rudiger.
_945414
245 1 0 _aMacroeconomía /
_cRudiger Dornbusch, Stanley Fischer ; traducción, Gimena García-Pardo, Alonso de Ojeda Eiseley ; revisión técnica, Antonio Argandoña Ramiz, Luis Toharia Cortés, Carlos G. Villareal Domínguez.
250 _a3ª ed.
260 _aMadrid :
_bMcGraw-Hill,
_c[1985]
300 _aXI, 776 p. :
_bil. ;
_c24 cm.
500 _aÍndice.
650 0 7 _aMacroeconomía
_2embne
_914719
700 1 _aFischer, Stanley.
_951011
700 1 _aArgandoña, Antonio.
_922680
700 1 _aToharia, Luis.
_9110425
700 1 _aVillareal Domínguez, Carlos G.
_9115112
700 1 _aGarcía-Pardo, Jimena.
_955078
700 1 _aOjeda Eiseley, Alonso de.
_986612
852 _aES-MaACL
_jL-8522
999 _c57654
_d57654